El compositor aragonés Vicente Zurrón / (Record no. 136675)

MARC details
000 -LEADER
campo de control de longitud fija 00594nam a2200181 4500
001 - NÚMERO DE CONTROL
campo de control 136675
003 - IDENTIFICADOR DE NÚMERO DE CONTROL
campo de control ES-MaACL
005 - FECHA Y HORA DE LA ÚLTIMA TRANSACCIÓN
campo de control 20230906195211.0
007 - CAMPO FIJO DE DESCRIPCIÓN FÍSICA--INFORMACIÓN GENERAL
campo de control de longitud fija t|
008 - DATOS DE LONGITUD FIJA--INFORMACIÓN GENERAL
campo de control de longitud fija 070214s1968 sp r ||||1| spa d
100 1# - ENTRADA PRINCIPAL--NOMBRE DE PERSONA
Nombre de persona Sagardía, Ángel.
9 (RLIN) 139049
245 13 - MENCIÓN DEL TÍTULO
Título El compositor aragonés Vicente Zurrón /
Mención de responsabilidad, etc. Angel Sagardia.
260 ## - PUBLICACIÓN, DISTRIBUCIÓN, ETC.
Lugar de publicación, distribución, etc. Zaragoza :
Nombre del editor, distribuidor, etc. Diputación Provincial,
Fecha de publicación, distribución, etc. 1968.
300 ## - DESCRIPCIÓN FÍSICA
Extensión 3 h. ;
Dimensiones 26 cm.
500 ## - NOTA GENERAL
Nota general Es tirada aparte de `Zaragoza`, XXVIII, págs. 287-292.
710 1# - ENTRADA AGREGADA--NOMBRE DE ENTIDAD CORPORATIVA
Nombre de entidad corporativa o nombre de jurisdicción como elemento de entrada Zaragoza (Provincia).
Unidad subordinada Diputación Provincial.
9 (RLIN) 7585
852 ## - LOCALIZACIÓN
Ubicación ES-MaACL
Número de control de estantería 2070-F-28
Sublocalización o colección R.72426
Holdings
Estatus retirado Estado de pérdida Estado de daño No para préstamo Colección Biblioteca de origen Biblioteca actual Ubicación en estantería Fecha de adquisición Fuente de adquisición Total de préstamos Signatura topográfica completa Código de barras Visto por última vez Precio de reemplazo Tipo de ítem Koha
        Colección de folletos Biblioteca del Ateneo de Madrid Biblioteca del Ateneo de Madrid Depósito folletos 17/01/2008     2070-F-28 1142240 23/02/2023 23/02/2023 Folleto